Polregio Tabor - Statystyki

Ogólne statystyki
  • Ten quiz został rozwiązany 45 razy
  • Średni wynik to 25 z 48
Statystyki odpowiedzi
Obrazkowy Odpowiedź % Poprawnych
EN57
97%
EN57al
83%
EN71
78%
ED72
72%
SM42
72%
EN57FPS
67%
SA109
67%
ED72a
64%
SA105
64%
Sa108
64%
SA134
64%
SA136
64%
SA137
64%
sa138
64%
Sa106
61%
SA107
61%
SA132
61%
Sa135
61%
SA139
61%
EN57akm
58%
EN57ald
58%
SA103
58%
SA131
58%
SU42
58%
ED72ac
56%
EN76
56%
EN96
53%
SA133
53%
SA140
53%
EP07p
50%
EN57alc
47%
EN90
47%
EN57akł
44%
EN63
44%
EN63
44%
ED78
42%
EN57ap
42%
EN57spot
42%
EN81
42%
SM04
42%
EN62
36%
EN98
33%
EN61
31%
EN99
28%
EN96a
17%
EN62a
14%
EN63b
14%
EN76a
8%
Nie znaleziono quizów pasujących do podanych kryteriów
Rozkład punktacji
Procent ludzi z każdym wynikiem
Percentyl według liczby udzielonych odpowiedzi
Twoja historia wyników
Nie rozwiązałeś tego quizu